Powiaty w Polsce o największym przyroście naturalnym - Statystyki

Ogólne statystyki
  • Ten quiz został rozwiązany 12 razy
  • Średni wynik to 7 z 8
Statystyki odpowiedzi
‰ przyrostu Województwo Powiat % Poprawnych
16,26 Pomorskie Gdański
100%
22,50 Wielkopolskie Poznański
100%
35,07 Dolnośląskie Wrocławski
100%
16,39 Mazowieckie Piaseczyński
80%
16,13 Mazowieckie Wołomiński
80%
20,5 Pomorskie Kartuski
70%
15,78 Zachodniopomorskie Policki
70%
18,28 Mazowieckie Grodziski
60%
Nie znaleziono quizów pasujących do podanych kryteriów
Rozkład punktacji
Procent ludzi z każdym wynikiem
Percentyl według liczby udzielonych odpowiedzi
Twoja historia wyników
Nie rozwiązałeś tego quizu